| 000 | 00884nam a2200277 a 4500 | ||
|---|---|---|---|
| 999 |
_c10802 _d10802 |
||
| 001 | 10802 | ||
| 003 | BD-JhCC | ||
| 005 | 20201202134020.0 | ||
| 008 | 190407t20142014enka 001 0 eng | ||
| 020 | _a9781107615038 (pbk.) | ||
| 020 | _a1107615038 (pbk.) | ||
| 035 | _a(BD-JhCC)10802 | ||
| 040 |
_aDLC _erda _cDLC _dDLC _dBD-JhCC |
||
| 041 | _aeng | ||
| 050 | 0 | 0 |
_aQD42 _b.H345 2014 |
| 082 | 0 | 0 |
_a540.76 _223 _bHAR 2014 |
| 100 | 1 |
_aHarwood, Richard, _d1946- |
|
| 245 | 1 | 0 |
_aCambridge IGCSE chemistry coursebook / _cRichard Harwood and Ian Lodge. |
| 250 | _aFourth edition. | ||
| 260 |
_aUnited Kingdom : _bCambridge University Press, _c2014 |
||
| 300 |
_avi, 354 pages : _billustrations (chiefly color) ; _c28 cm. + _e1 CD-ROM (4 3/4 in.) |
||
| 500 | _aIncludes CD-ROM. | ||
| 650 | 0 |
_aChemistry _xExaminations _vStudy guides. |
|
| 700 | 1 | _aLodge, Ian. | |
| 942 |
_2ddc _cBK _04 |
||